Statystyki dla Państwa, które produkują najwięcej ropy naftowej

Kliknij tutaj aby rozwiązać quiz!

Ogólne statystyki

  • Ten quiz został rozwiązany 28 razy
  • Średni wynik to 12 z 15

Statystyki odpowiedzi

Liczba (baryłki / dzień)Państwo% Poprawnych
10788Rosja
100%
1003Stany Zjednoczone
100%
4180Chiny
96%
11525Arabia Saudyjska
92%
3141Irak
92%
3558Iran
92%
1995Katar
92%
3948Kanada
84%
3646Zjednoczone Emiraty Arabskie
80%
2875Meksyk
76%
3126Kuwejt
72%
2114Brazylia
68%
2623Wenezuela
68%
1837Norwegia
52%
2322NIgeria
32%

Rozkład punktacji

Percentyl według liczby udzielonych odpowiedzi

Procent ludzi z każdym wynikiem

Twoja historia wyników

Nie rozwiązałeś tego quizu